Rich Dad Poor Dad: (Record no. 9403)
[ view plain ]
| 000 -LEADER | |
|---|---|
| fixed length control field | 00465nam a22001457a 4500 |
| 008 - FIXED-LENGTH DATA ELEMENTS--GENERAL INFORMATION | |
| fixed length control field | 230301b |||||||| |||| 00| 0 eng d |
| 020 ## - INTERNATIONAL STANDARD BOOK NUMBER | |
| International Standard Book Number | 978-1-61268-113-9 |
| 082 ## - DEWEY DECIMAL CLASSIFICATION NUMBER | |
| Classification number | 332.024 |
| 100 ## - MAIN ENTRY--PERSONAL NAME | |
| Personal name | Robert T. Kiyosaki |
| 245 ## - TITLE STATEMENT | |
| Title | Rich Dad Poor Dad: |
| Remainder of title | What the rich teach their kids about money that the poor and middle class don't |
| 260 ## - PUBLICATION, DISTRIBUTION, ETC. | |
| Name of publisher, distributor, etc. | Plata Publishing, |
| Date of publication, distribution, etc. | 2022 |
| 300 ## - PHYSICAL DESCRIPTION | |
| Extent | 348 p. |
| Dimensions | 17 cm |
| 942 ## - Added entry Elements (Koha) | |
| Source of classification or shelving scheme | Dewey Decimal Classification |
| Withdrawn status | Lost status | Source of classification or shelving scheme | Damaged status | Not for loan | Collection code | Home library | Current library | Shelving location | Date acquired | Serial Enumeration / chronology | Total Checkouts | Total Renewals | Full call number | Barcode | Date last seen | Date last checked out | Price effective from | Koha item type |
|---|---|---|---|---|---|---|---|---|---|---|---|---|---|---|---|---|---|---|
| Dewey Decimal Classification | Main TEST | RTC Library | RTC Library | Main opac | 01/03/2023 | 177014 | 14 | 15 | 332.024 KIY | 30018615 | 08/05/2026 | 03/04/2026 | 01/03/2023 | Main |